<?xml version="1.0" encoding="UTF-8"?>
<record
    xmlns:xsi="http://www.w3.org/2001/XMLSchema-instance"
    xsi:schemaLocation="http://www.loc.gov/MARC21/slim http://www.loc.gov/standards/marcxml/schema/MARC21slim.xsd"
    xmlns="http://www.loc.gov/MARC21/slim">

  <leader>01758nam a2200349 i 4500</leader>
  <controlfield tag="001">111173</controlfield>
  <controlfield tag="003">ES-MaACL</controlfield>
  <controlfield tag="005">20251121121225.0</controlfield>
  <controlfield tag="008">220301s2020    sp a          001 0 spa</controlfield>
  <datafield tag="020" ind1=" " ind2=" ">
    <subfield code="a">978-84-17971-59-5</subfield>
  </datafield>
  <datafield tag="020" ind1=" " ind2=" ">
    <subfield code="a">978-84-17971-77-9</subfield>
  </datafield>
  <datafield tag="080" ind1=" " ind2=" ">
    <subfield code="a">930.85</subfield>
  </datafield>
  <datafield tag="245" ind1="0" ind2="0">
    <subfield code="a">Politeia : </subfield>
    <subfield code="b">50 a&#xF1;os de cultura (1969-2019) / </subfield>
    <subfield code="c">coordinador de la edici&#xF3;n, Miguel Satr&#xFA;stegui ; [edici&#xF3;n al cuidado de Mar&#xED;a Cifuentes].</subfield>
  </datafield>
  <datafield tag="246" ind1="3" ind2=" ">
    <subfield code="a">Fundaci&#xF3;n Politeia : </subfield>
    <subfield code="b">50 a&#xF1;os de cultura, 1969-2019</subfield>
  </datafield>
  <datafield tag="250" ind1=" " ind2=" ">
    <subfield code="a">1&#xAA; ed.</subfield>
  </datafield>
  <datafield tag="260" ind1=" " ind2=" ">
    <subfield code="a">Barcelona : </subfield>
    <subfield code="b">Galaxia Gutenberg, </subfield>
    <subfield code="c">2020.</subfield>
  </datafield>
  <datafield tag="300" ind1=" " ind2=" ">
    <subfield code="a">2 v. : </subfield>
    <subfield code="b">il., mapas ; </subfield>
    <subfield code="c">25 cm.</subfield>
  </datafield>
  <datafield tag="500" ind1=" " ind2=" ">
    <subfield code="a">&#xCD;ndice disponible en Dialnet.</subfield>
  </datafield>
  <datafield tag="504" ind1=" " ind2=" ">
    <subfield code="a">Referencias bibliogr&#xE1;ficas.</subfield>
  </datafield>
  <datafield tag="505" ind1="8" ind2=" ">
    <subfield code="a">Contiene: I. De los or&#xED;genes del hombre al mundo del Renacimiento (606 p.) - II. De la &#xE9;poca del Barroco al mundo contempor&#xE1;neo (672 p.)</subfield>
  </datafield>
  <datafield tag="594" ind1=" " ind2=" ">
    <subfield code="a">Conmemora el cincuentenario de los cursos de Politeia, que Jorgina Gil-Delgado inici&#xF3; en 1969-1970</subfield>
  </datafield>
  <datafield tag="594" ind1=" " ind2=" ">
    <subfield code="a">Recoge 90 conferencias pronunciadas en el aula de Politeia</subfield>
  </datafield>
  <datafield tag="650" ind1=" " ind2="4">
    <subfield code="a">Civilizaci&#xF3;n-</subfield>
    <subfield code="x">Historia</subfield>
    <subfield code="9">11082</subfield>
  </datafield>
  <datafield tag="700" ind1="1" ind2=" ">
    <subfield code="a">Satr&#xFA;stegui, Miguel (</subfield>
    <subfield code="d">1949-)</subfield>
    <subfield code="9">174257</subfield>
  </datafield>
  <datafield tag="700" ind1="1" ind2=" ">
    <subfield code="a">Cifuentes de Castro, Mar&#xED;a</subfield>
    <subfield code="9">174259</subfield>
  </datafield>
  <datafield tag="710" ind1="2" ind2=" ">
    <subfield code="a">Fundaci&#xF3;n Politeia.</subfield>
    <subfield code="9">174258</subfield>
  </datafield>
  <datafield tag="852" ind1="4" ind2=" ">
    <subfield code="a">ES-MaACL</subfield>
    <subfield code="j">A-14912</subfield>
    <subfield code="9">115388</subfield>
    <subfield code="b">R.152954</subfield>
    <subfield code="c">DEPO1</subfield>
    <subfield code="d">Olim: N-7912   </subfield>
    <subfield code="h">Donaci&#xF3;n: Editorial </subfield>
    <subfield code="p">Vol.1 </subfield>
    <subfield code="x"> Encuadernaci&#xF3;n en cartone </subfield>
  </datafield>
  <datafield tag="852" ind1="4" ind2=" ">
    <subfield code="a">ES-MaACL</subfield>
    <subfield code="j">A-14913</subfield>
    <subfield code="b">R.152954</subfield>
    <subfield code="c">DEPO1</subfield>
    <subfield code="d">Olim: N-7913</subfield>
    <subfield code="h">Donacion: Editorial </subfield>
    <subfield code="p">Vol.2</subfield>
    <subfield code="x"> Encuadernaci&#xF3;n en cartone </subfield>
    <subfield code="9">201106</subfield>
  </datafield>
  <datafield tag="856" ind1="4" ind2=" ">
    <subfield code="u">https://dialnet.unirioja.es/servlet/libro?codigo=779770&amp;utm_source=catalogo.bne.es&amp;utm_medium=libro&amp;utm_campaign=Dialnet_Widgets</subfield>
    <subfield code="y">&#xCD;ndice (Dialnet)</subfield>
  </datafield>
  <datafield tag="942" ind1=" " ind2=" ">
    <subfield code="2">udc</subfield>
  </datafield>
  <datafield tag="999" ind1=" " ind2=" ">
    <subfield code="c">111173</subfield>
    <subfield code="d">111173</subfield>
  </datafield>
  <datafield tag="952" ind1=" " ind2=" ">
    <subfield code="0">0</subfield>
    <subfield code="1">0</subfield>
    <subfield code="2">udc</subfield>
    <subfield code="4">0</subfield>
    <subfield code="7">0</subfield>
    <subfield code="8">Colecci&#xF3;n_digital</subfield>
    <subfield code="a">ATENEOM</subfield>
    <subfield code="b">ATENEOM</subfield>
    <subfield code="c">DEPO1</subfield>
    <subfield code="d">2022-03-01</subfield>
    <subfield code="e">DONACION</subfield>
    <subfield code="h">v.1</subfield>
    <subfield code="l">0</subfield>
    <subfield code="o">A-14912</subfield>
    <subfield code="p">1202869</subfield>
    <subfield code="r">2023-02-23 00:00:00</subfield>
    <subfield code="w">2023-02-23</subfield>
    <subfield code="y">MONOGRAFIA</subfield>
  </datafield>
  <datafield tag="952" ind1=" " ind2=" ">
    <subfield code="0">0</subfield>
    <subfield code="1">0</subfield>
    <subfield code="2">udc</subfield>
    <subfield code="4">0</subfield>
    <subfield code="7">0</subfield>
    <subfield code="8">Colecci&#xF3;n_digital</subfield>
    <subfield code="a">ATENEOM</subfield>
    <subfield code="b">ATENEOM</subfield>
    <subfield code="c">DEPO1</subfield>
    <subfield code="d">2024-01-26</subfield>
    <subfield code="e">DONACION</subfield>
    <subfield code="h">v.2</subfield>
    <subfield code="l">0</subfield>
    <subfield code="o">A-14913</subfield>
    <subfield code="p">101206430</subfield>
    <subfield code="r">2024-01-26 00:00:00</subfield>
    <subfield code="w">2024-01-26</subfield>
    <subfield code="y">MONOGRAFIA</subfield>
  </datafield>
</record>
